Individual differences in children and adolescents : (Record no. 435)

000 -LEADER
fixed length control field 01020nam a2200277 a 4500
003 - CONTROL NUMBER IDENTIFIER
control field OSt
005 - DATE AND TIME OF LATEST TRANSACTION
control field 20210614084046.0
008 - FIXED-LENGTH DATA ELEMENTS--GENERAL INFORMATION
fixed length control field 890202s1988 enka b 001 0 eng
020 ## - INTERNATIONAL STANDARD BOOK NUMBER
International Standard Book Number 034041295X :
040 ## - CATALOGING SOURCE
Transcribing agency DLC
050 00 - LIBRARY OF CONGRESS CALL NUMBER
Classification number BF723
Item number .I56 I53 1988
245 00 - TITLE STATEMENT
Title Individual differences in children and adolescents :
Remainder of title international perspectives /
Statement of responsibility, etc. edited by Donald H. Saklofske and Sybil B.G. Eysenck.
260 ## - PUBLICATION, DISTRIBUTION, ETC.
Place of publication, distribution, etc. London :
Name of publisher, distributor, etc. Hodder and Stoughton,
Date of publication, distribution, etc. 1988.
300 ## - PHYSICAL DESCRIPTION
Extent 341 p. :
Other physical details ill. ;
Dimensions 24 cm.
504 ## - BIBLIOGRAPHY, ETC. NOTE
Bibliography, etc. note Includes bibliographical references and index.
650 #0 - SUBJECT ADDED ENTRY--TOPICAL TERM
Topical term or geographic name entry element Individual differences in children.
650 #0 - SUBJECT ADDED ENTRY--TOPICAL TERM
Topical term or geographic name entry element Individual differences in adolescence.
700 1# - ADDED ENTRY--PERSONAL NAME
Personal name Saklofske, Donald H.
700 1# - ADDED ENTRY--PERSONAL NAME
Personal name Eysenck, Sybil B. G.
Fuller form of name (Sybil Bianca Giuletta)
906 ## - LOCAL DATA ELEMENT F, LDF (RLIN)
a 7
b cbc
c orignew
d 3
e ncip
f 19
g y-gencatlg
942 ## - ADDED ENTRY ELEMENTS (KOHA)
Source of classification or shelving scheme
Koha item type Book
Holdings
Withdrawn status Lost status Source of classification or shelving scheme Damaged status Not for loan Permanent Location Current Location Shelving location Date acquired Total Checkouts Full call number Barcode Date last seen Copy number Price effective from Koha item type Public note Source of acquisition
          AU LIBRARY AU LIBRARY Open Shelf 14.06.2021   BF723 .I56 I53 1988 C1 28001082 14.06.2021 1 14.06.2021 Book SO  
          AU LIBRARY AU LIBRARY Open Shelf 14.06.2021   BF723 .I56 I53 1988 C2 28001083 14.06.2021 2 14.06.2021 Book SO  
          AU LIBRARY AU LIBRARY Open Shelf 22.03.2022   BF723 .I56 1988 C3 28006182 22.03.2022 3 22.03.2022 Book PW DONATION FROM MOI UNIVERSITY

Powered by Koha